Простая электроника для детей (Запись № 12067029)

Подробности
000 -МАРКЕР
контрольное поле 02530nam0a2200433 4500
001 - ИДЕНТИФИКАТОР ЗАПИСИ
контрольное поле RU\NLR\BIBL_A\012468769
005 - ИДЕНТИФИКАТОР ВЕРСИИ
контрольное поле 20210527103712.0
010 ## - МЕЖДУНАРОДНЫЙ СТАНДАРТНЫЙ НОМЕР КНИГИ (ISBN)
Номер (ISBN) 978-5-00101-280-1
021 ## - НОМЕР ГОСУДАРСТВЕННОЙ РЕГИСТРАЦИИ
Код страны Российская Федерация
Номер КН-П-20-068756
Номер Листа государственной регистраци КН-П-20-5180
021 ## - НОМЕР ГОСУДАРСТВЕННОЙ РЕГИСТРАЦИИ
Код страны Российская Федерация
Номер КН-П-23-064434
Номер Листа государственной регистраци КН-П-23-6544
035 ## - ДРУГИЕ СИСТЕМНЫЕ НОМЕРА
Идентификатор записи (NLR Aleph) 012468769
100 ## - ДАННЫЕ ОБЩЕЙ ОБРАБОТКИ
Данные общей обработки 20210309d2021 c y0rusy50 ca
101 1# - ЯЗЫК РЕСУРСА
Язык текста, звукозаписи и т.д. русский
Язык оригинала английский
102 ## - СТРАНА ПУБЛИКАЦИИ ИЛИ ПРОИЗВОДСТВА
Страна публикации Российская Федерация
105 ## - ПОЛЕ КОДИРОВАННЫХ ДАННЫХ: ТЕКСТОВЫЕ МАТЕРИАЛЫ, МОНОГРАФИЧЕСКИЕ
Кодированные данные о монографическом текстовом документе a z 000zy
181 #0 - ПОЛЕ КОДИРОВАННЫХ ДАННЫХ: ВИД СОДЕРЖАНИЯ
Код вида содержания (ISBD) i
Код характеристики содержания (ISBD) axxe
182 #0 - ПОЛЕ КОДИРОВАННЫХ ДАННЫХ: ТИП СРЕДСТВА
Код типа средства (ISBD) n - непосредственное
200 1# - ЗАГЛАВИЕ И СВЕДЕНИЯ ОБ ОТВЕТСТВЕННОСТИ
Основное заглавие Простая электроника для детей
Сведения, относящиеся к заглавию девять простых проектов с подсветкой, звуками и многое другое!
-- [сборка без пайки!
-- для детей среднего школьного возраста]
Первые сведения об ответственности Эйвинд Нидал Даль
Последующие сведения об ответственности перевод с английского Ф. Г. Хохлова
-- под редакцией канд. техн. наук Ю. П. Батырева
203 ## - ВИД СОДЕРЖАНИЯ И ТИП СРЕДСТВА
Вид содержания Текст
Дополнительные сведения об издании визуальный
Тип средства непосредственный
210 ## - ПУБЛИКАЦИЯ, РАСПРОСТРАНЕНИЕ И ДР.
Место издания, распространения и т.д. Москва
Имя издателя, распространителя и т. д. Лаборатория знаний
Дата издания, распространения и т.д. 2021
215 ## - ФИЗИЧЕСКАЯ ХАРАКТЕРИСТИКА
Специфическое обозначение материала и объем 95 с.
Другие сведения о физической характеристике ил., цв. ил., табл.
Размеры 24
225 1# - СЕРИЯ
Основное заглавие серии Серия "Школа юного инженера"
300 ## - ОБЩИЕ ПРИМЕЧАНИЯ
Текст примечания Загл. и авт. ориг.: A beginner's guide to circuins: nine simple projects with lights, sounds, and more! / by Øyvind Nydal Dahl
330 ## - РЕЗЮМЕ ИЛИ РЕФЕРАТ
Текст примечания Библиогр. в конце кн. и в подстроч. примеч.
333 ## - ПРИМЕЧАНИЯ ОБ ОСОБЕННОСТЯХ РАСПРОСТРАНЕНИЯ И ИСПОЛЬЗОВАНИЯ
Текст примечания 6+
454 #1 - ОРИГИНАЛ (ПЕРЕВОДА)
Встроенное поле 2001#$aA beginner's guide to circuins$enine simple projects with lights, sounds, and more!$fby Øyvind Nydal Dahl
-- 700#1$aNydal Dahl$bØ.$f1984-$gØyvind$3RU\NLR\AUTH\770228728
Заглавие A beginner's guide to circuins
Автор Nydal Dahl, Øyvind (1984-)
517 1# - ДРУГИЕ ВАРИАНТЫ ЗАГЛАВИЯ
Вариант заглавия Девять простых проектов с подсветкой, звуками и многое другое!
606 1# - НАИМЕНОВАНИЕ ТЕМЫ КАК ПРЕДМЕТ
Наименование темы Электроника
Формальный подзаголовок Издания для детей
Системный номер авторитетной/нормативной записи 924294
Идентификатор авторитетной/нормативной записи RU\NLR\AUTH\6620569
606 1# - НАИМЕНОВАНИЕ ТЕМЫ КАК ПРЕДМЕТ
Наименование темы Электрические схемы
Формальный подзаголовок Издания для детей
Системный номер авторитетной/нормативной записи 1378191
Идентификатор авторитетной/нормативной записи RU\NLR\AUTH\66578133
606 1# - НАИМЕНОВАНИЕ ТЕМЫ КАК ПРЕДМЕТ
Наименование темы Схемотехника
Формальный подзаголовок Издания для детей
Системный номер авторитетной/нормативной записи 2223437
Идентификатор авторитетной/нормативной записи RU\NLR\AUTH\661334947
686 0# - ИНДЕКСЫ ДРУГИХ КЛАССИФИКАЦИЙ
Индекс Ш9
Книжный номер З
700 #1 - ИМЯ ЛИЦА - ПЕРВИЧНАЯ ОТВЕТСТВЕННОСТЬ
Графика поля Кириллица
Материалы, к которым относится поле rus
Начальный элемент ввода Нидал Даль
Часть имени, кроме начального элемента ввода Э.
Даты 1984-
Расширение инициалов личного имени Эйвинд
Системный номер авторитетной/нормативной записи 228671
Идентификатор авторитетной/нормативной записи RU\NLR\AUTH\770228727
942 ## - ДОПОЛНИТЕЛЬНЫЕ ЭЛЕМЕНТЫ ЗАПИСИ (АБИС)
Тип экземпляра АБИС Книга
980 ## - КОЛЛЕКЦИЯ
Название коллекции Национальная библиография
Экземпляры
Тип экземпляра Дата поступления Источник поступления Библиотека постоянного хранения Библиотека текущего хранения Место хранения Шифр хранения Штрих-код Статус экземпляра Стоимость Нумерация / хронология для периодики
Книга 09.03.2021 Обязательный экземпляр РНБ (Московский) РНБ (Московский) Русский книжный фонд: издания с 1957 года 2021-7/1172 1-3329170      
Книга 09.03.2021 Обязательный экземпляр РНБ (Московский) РНБ (Московский) Кафедра Абонемента (Московский) Аб З.2/Д-15 1-3329169   200.00  
Книга 15.11.2023 Обязательный экземпляр РНБ (Московский) РНБ (Московский) Обменный фонд   1-4414140     2023
Книга 15.11.2023 Обязательный экземпляр РНБ (Московский) РНБ (Московский) Обменный фонд   1-4414139     2023